000 00434nam a22001817a 4500
008 240210b |||||||| |||| 00| 0 eng d
020 _a9781260570090
040 _a30
082 _a616.7 BRU
100 _aBRUNICARDI, F. CHARLES
110 _bAYURVEDA
245 _aSCHWARTZ'S PRINCIPLES OF SURGERY VOL-1
250 _a11 TH
260 _aNEW DELHI
_bMC GRAW HILL
_c2019
300 _a1165
650 _aSURGERY
942 _c01
999 _c58169
_d58169